[Event "FIDE Candidates 2020"]
[White "Caruana,Fabiano"]
[Black "Grischuk,Alexander"]
[Site "Yekaterinburg"]
[Round "14.1"]
[Annotator "TA"]
[Result "1/2-1/2"]
[Date "2021.04.27"]
[WhiteElo "2820"]
[BlackElo "2777"]
[PlyCount "129"]

1. e4 {} c5 2. Nf3 e6 3. d4 cxd4 4. Nxd4 Nf6 5. Nc3 Nc6 6. Qd3 {
B45: Sicilian Four Knights.} d5 {6...Qc7 is a critical line.} 7. exd5 Nb4 {[#]} 8. Qc4 $146 ({Predecessor:} 8. Qg3 Bc5 9. a3 Nbxd5 10. Ndb5 0-0 11. Bh6 Nh5 12. Qf3 Qf6 13. Qxf6 Nhxf6 14. Nxd5 exd5 {1-0 (62) Frolyanov,D (2546)-Safin,R 
(2287) Cheliabinsk 2020} )Nbxd5 9. Bg5 Bb4 10. Bd3 Bd7 {[#] aiming for ...
Rc8.} 11. 0-0 Bxc3 12. bxc3 Rc8 13. Qb3 Qb6 14. Qxb6 Nxb6 15. a4 h6 16. Bxf6 gxf6 17. Rfb1 {Threatens to win with a5.} Rc7 18. Nb5 (18. a5 {is more complex.
} Nc8 19. c4 a6 20. Rb4 Ne7 21. Rab1 )Bxb5 19. axb5 Nc8 $1 20. Ra3 Ke7 21. Rb4 f5 22. g3 Kf6 23. f3 Rd8 24. Rd4 Rdd7 25. Kf2 b6 26. Ke3 Ne7 27. f4 Nd5+ 28. Kd2 Ke7 29. Be2 Rd6 {Black wants to play ...Nxc3.} 30. c4 Nf6 31. c3 Rd8 32. Bf3 Nd7 33. Ke3 Nc5 34. h3 f6 35. g4 fxg4 36. hxg4 Re8 37. Rd1 Kf8 38. Ra2 Kg7 39. Bc6 Rec8 40. Rd6 Kf7 41. f5 e5 42. Rad2 Ke7 43. Bf3 Rg8 44. Rd1 Rgc8 45. Be2 Kf7 46. Bf3 Ke7 47. R6d5 Na4 48. R1d2 e4 ({But not} 48... Rxc4 $6 49. Rd7+ Kf8 50. R2d6 $16 )(48... Rg8 $11 )49. Bxe4 $14 Nxc3 50. R5d4 Nxe4 51. Rxe4+ { Endgame KRR-KRR} Kf7 52. Rdd4 Re8 53. Kd3 Rxe4 54. Rxe4 {
KR-KR} Re7 55. Rd4 Ke8 56. Kc3 Rd7 57. Rf4 Rh7 58. Rf1 h5 59. gxh5 Rxh5 60. Ra1 Kd8 61. Rxa7 {[#] Black must now prevent Rb7.} Kc8 62. Ra6 Kc7 63. c5 Rxf5 64. cxb6+ Kb7 65. Kb4 {Weighted Error Value: White=0.04/Black=0.04} 1/2-1/2

[Event "FIDE Candidates 2020"]
[White "Giri,Anish"]
[Black "Alekseenko,Kirill"]
[Site "Yekaterinburg"]
[Round "14.2"]
[Annotator "TA"]
[Result "0-1"]
[Date "2021.04.27"]
[WhiteElo "2776"]
[BlackElo "2696"]
[PlyCount "112"]

1. c4 {} Nf6 2. g3 e6 3. Bg2 d5 4. d4 Bb4+ 5. Nd2 0-0 6. Ngf3 b6 $1 {6...b6 is better than 6...dxc4.} 7. 0-0 Bb7 8. b3 {E16: Queen's Indian: 4
g3 Bb7 5 Bg2 Bb4+.} Re8 $5 { Leaves trodden paths.} 9. Bb2 Nbd7 10. Qc2 {The position is equal.} Rc8 11. Rad1 c5 12. Qb1 {[#]} Qe7 $146 ({Predecessor:
} 12... Qc7 13. dxc5 bxc5 14. e3 Ba6 15. a3 Bxd2 16. Nxd2 dxc4 17. Nxc4 Bxc4 18. bxc4 Nb6 {1/2-1/2 (54) Naumkin,I (2463)-Sandipan,C (2618) Benasque 2012} )13. dxc5 Nxc5 14. cxd5 Bxd5 15. Ne5 Bxg2 16. Kxg2 Qb7+ 17. Kg1 b5 18. Nef3 Red8 19. a3 Bxd2 20. Bxf6 gxf6 21. Nxd2 Kg7 22. Nf3 Ne4 23. Rxd8 Rxd8 24. Qb2 a5 25. b4 a4 26. Rc1 Qd5 27. Qc2 Rd7 28. Kg2 Qb7 29. Kg1 Rd8 30. Kg2 Rd7 31. Kg1 Rd6 32. Kg2 (32. Rd1 $11 )Nd2 $17 33. Rd1 Nc4 34. Rxd6 Nxd6 35. Qd3 Nc4 36. e4 Qc6 37. g4 (37. Kf1 $11 )Qc7 $15 38. Nd2 (38. Nd4 $15 )Ne5 (38... Qf4 $17 39. Nxc4 bxc4 )39. Qe3 $1 h6 40. f4 (40. h4 $17 {was worth a try.
} )Nxg4 $19 41. Qg3 f5 42. Kf1 {[#]} h5 $1 {} 43. Ke2 {[#]} Qb6 $2 (43... e5 $1 $19 {...fxe4 is the strong threat.} 44. fxe5 fxe4 45. Nxe4 Qc4+ 46. Kf3 Qf1+ 47. Nf2 Kg6 )44. h3 $17 { [#] Pin} h4 $1 {} 45. Qc3+ (45. Qf3 Nf6 )Nf6 {White must now prevent ...Qg1.} 46. exf5 exf5 47. Nf3 Qe6+ 48. Kd2 (48. Qe3 $15 )Qd5+ 49. Qd3 $2 {
This move loses the game for White.} (49. Ke2 $17 )Ne4+ $19 50. Ke3 $2 (50. Kc2 Qa2+ 51. Kc1 Qa1+ 52. Kc2 )Qa2 {} 51. Kd4 f6 52. Qf1 Qxa3 53. Kd5 Qxb4 {} 54. Qg1+ Kf8 {
} 55. Ke6 Qe7+ 56. Kxf5 Ng3+ {Weighted Error Value: White=0.54/
Black=0.21} 0-1